| 000 | 00999nam a2200289 a 4500 | ||
|---|---|---|---|
| 001 | 19036 | ||
| 003 | BD-RjUL | ||
| 005 | 20211209000356.0 | ||
| 008 | 140223s1983 nyu 000 0 eng d | ||
| 020 | _a0521261163 (Cambridge) | ||
| 020 | _a0940450143 | ||
| 035 | _a(BD-RjUL)19094 | ||
| 035 | _aBD-RjUL | ||
| 040 |
_aBD-RjUL _beng _cBD-RjUL |
||
| 041 | _aeng | ||
| 082 |
_a818.209 _219 _bIRH 1983 |
||
| 100 | 1 |
_aIrving, Washington, _d1783-1859. _952492 |
|
| 245 | 1 | 0 |
_aHistory, tales, and sketches / _cWashington Irving |
| 260 |
_aNew York, N.Y : _bLiterary Classics of the United States ; _aCambridge : _bPress Syndicate of the University of Cambridge, _c1983. |
||
| 300 |
_a1126 p. : _c21 cm |
||
| 500 | _aEdited by James W. Tuttleton | ||
| 505 | 0 | _aContents: Letters of Jonathan Oldstyle, Gent. - Salmagundi - A history of New York - The sketch book of Geoffrey Crayon, Gent | |
| 830 | 0 |
_aLibrary of America _958657 |
|
| 942 |
_2ddc _cBK |
||
| 999 |
_c19036 _d19036 |
||